Leader xxxxxxxxxx
001 __ PCLIS00049030
005 __ 20220908081201.0
010 0_ |a978-986-319-030-1|b第1卷 : 平裝|dNT$240
010 0_ |a978-986-319-041-7|b第2卷 : 平裝|dNT$240
010 0_ |a978-986-319-062-2|b第3卷 : 平裝|dNT$240
010 0_ |a978-986-319-082-0|b第4卷 : 平裝|dNT$240
010 0_ |a978-986-319-102-5|b第5卷 : 平裝|dNT$240
010 0_ |a978-986-319-131-5|b第6卷 : 平裝|dNT$240
010 0_ |a978-986-319-157-5|b第7卷 : 平裝|dNT$240
010 0_ |a978-986-319-255-8|b第8卷 : 平裝|dNT$240
010 0_ |a978-986-319-335-7|b第9卷 : 平裝|dNT$240
010 0_ |a978-986-319-410-1|b第10卷 : 平裝|dNT$240
100 __ |a20151109g20132019m y0chiy09 e
101 0_ |achi
102 __ |atw
105 __ |aa z 000ay
200 1_ |a兔俠|f護玄著|gRoo, 紅麟插畫
205 __ |a初版
210 __ |a臺北市|c蓋亞文化出版|a新北市|c聯合發行總經銷|d2013-2019[民102-108]
215 0_ |a10冊|c圖, 彩摺圖|d20公分
225 2_ |a悅讀館|vRE301-310
312 __ |a英文題名: The road of heroes
327 __ |v1|a1,強盜與兔子|v2|a2,瑞比特|v3|a3,變動的星區|v4|a4,路程的起始|v5|a5,背叛者|v6|a6,分別深藏之心|v7|a7,五大家族的誓言|v8|a8,深海母艦|v9|a9,第一家族|v10|a10,最終的沉眠(完)
410 _0 |12001 |a悅讀館|vRE301-309
517 1_ |aThe road of heroes|zeng
517 1_ |a強盜與兔子|zchi
517 1_ |a瑞比特|zchi
517 1_ |a變動的星區|zchi
517 1_ |a路程的起始|zchi
517 1_ |a背叛者|zchi
517 1_ |a分別深藏之心|zchi
517 1_ |a五大家族的誓言|zchi
517 1_ |a深海母艦 |